Etika v exporte: princípy a inštitúty
Základné etické princípy v podnikaní. Etické verzus neetické správanie. Podnikateľská etika a prax v exporte. Indikátory a inštitúcie neetického správania. Podnikateľská aliancia Slovenska. Transparency International Slovensko. Svetové ekonomické fórum (WEF). Inštitút svetovej banky (WBI). Pricewate...
Gespeichert in:
| 1. Verfasser: | |
|---|---|
| Weitere Verfasser: | |
| Format: | Buchkapitel |
| Sprache: | Slowakisch |
| Schlagworte: | |
| Tags: |
Keine Tags, Fügen Sie das erste Tag hinzu!
|
MARC
| LEADER | 00000nla a2200000 4500 | ||
|---|---|---|---|
| 001 | 0168682 | ||
| 005 | 20240502072933.2 | ||
| 041 | 0 | |a slo | |
| 044 | |a SK | ||
| 245 | 1 | 0 | |a Etika v exporte: princípy a inštitúty |c Heda Hansenová, Lenka Drobcová |
| 520 | |a Základné etické princípy v podnikaní. Etické verzus neetické správanie. Podnikateľská etika a prax v exporte. Indikátory a inštitúcie neetického správania. Podnikateľská aliancia Slovenska. Transparency International Slovensko. Svetové ekonomické fórum (WEF). Inštitút svetovej banky (WBI). PricewaterhouseCoopers (PwC). Svetová banka a Medzinárodná finančná korporácia (IFC). Export SR: obchodní partneri podľa hodnotenia transparentnosti a dodržiavania etických princípov. | ||
| 610 | 2 | 0 | |a etika podnikateľská |
| 610 | 2 | 0 | |a morálka |
| 610 | 2 | 0 | |a transparentnosť |
| 610 | 2 | 0 | |a korupcia |
| 610 | 2 | 0 | |a obchod zahraničný |
| 610 | 2 | 0 | |a vývoz |
| 610 | 2 | 0 | |a organizácie |
| 100 | 1 | |a Hansenová, Heda | |
| 700 | 1 | |a Drobcová, Lenka, 1976- | |